Investment Portfolio Selection From Shares of Environmental Companies
Príspevok prezentuje možné využitie modelu optimalizácie výberu portfólia na základe miery rizika CVaR (Conditional Value at Risk) pri investovaní do environmentálnych spoločností. Najdôležitejšími faktormi pri investovaní sú zohľadnenie miery rizika a návratnosti. V súčasnosti je obľúbeným nástrojo...
Enregistré dans:
| Auteur principal: | |
|---|---|
| Autres auteurs: | , |
| Format: | Chapitre de livre |
| Langue: | anglais |
| Sujets: | |
| Tags: |
Pas de tags, Soyez le premier à ajouter un tag!
|
MARC
| LEADER | 00000naa$a2200000$$$4500 | ||
|---|---|---|---|
| 001 | 0297642 | ||
| 005 | 20240502084001.7 | ||
| 041 | 0 | |a eng | |
| 044 | |a CZ | ||
| 245 | 1 | 0 | |a Investment Portfolio Selection From Shares of Environmental Companies |c Juraj Pekár, Ivan Brezina, Marian Reiff |
| 520 | |a Príspevok prezentuje možné využitie modelu optimalizácie výberu portfólia na základe miery rizika CVaR (Conditional Value at Risk) pri investovaní do environmentálnych spoločností. Najdôležitejšími faktormi pri investovaní sú zohľadnenie miery rizika a návratnosti. V súčasnosti je obľúbeným nástrojom investovanie do environmentálnych fondov. Pri vytváraní portfólia je možné uskutočniť investíciu výberom investičnej stratégie, ktorú poskytuje finančná inštitúcia, ale je možné si vytvoriť aj vlastné portfólio. V príspevku poukazujeme na možné využitie modelu výberu portfólia na základe miery rizika CVaR pri vytváraní vlastného zloženia majetku. | ||
| 610 | 2 | 0 | |a investície ekologické |
| 610 | 2 | 0 | |a návratnosť investícií |
| 610 | 2 | 0 | |a portfólio |
| 610 | 2 | 0 | |a optimalizácia |
| 610 | 2 | 0 | |a akcie |
| 610 | 2 | 0 | |a spoločnosti |
| 610 | 2 | 0 | |a stratégia investičná |
| 610 | 2 | 0 | |a riziko investičné |
| 610 | 2 | 0 | |a modely |
| 100 | 1 | |a Pekár, Juraj, 1972- | |
| 700 | 1 | |a Brezina, Ivan, 1963- | |
| 700 | 1 | |a Reiff, Marian, 1978- | |